000 00428pab a2200169 454500
008 180718b1996 xxu||||| |||| 00| 0 eng d
100 _aDhanasekaran, K.
245 _aMoney, output and prices in India (1970-92)
260 _c1996
300 _ap.133-40
362 _aApr
650 _aMoney - India
650 _aMonetary policy - India
650 _aMonetary policy
773 _aAsian Economic Review
909 _a32149
999 _c32149
_d32149